Afrikas westküste. (Record no. 23444)

MARC details
000 -LEADER
fixed length control field 00851cam a22002411 4500
001 - CONTROL NUMBER
control field g 01000332
003 - CONTROL NUMBER IDENTIFIER
control field DLC
005 - DATE AND TIME OF LATEST TRANSACTION
control field 20260227111251.0
008 - FIXED-LENGTH DATA ELEMENTS--GENERAL INFORMATION
fixed length control field 830111s1885 gw ab 000 0 ger
010 ## - LIBRARY OF CONGRESS CONTROL NUMBER
LC control number g 01000332
035 ## - SYSTEM CONTROL NUMBER
System control number (OCoLC)9119913
040 ## - CATALOGING SOURCE
Original cataloging agency DLC
Transcribing agency MBU
Modifying agency DLC
042 ## - AUTHENTICATION CODE
Authentication code premarc
050 00 - LIBRARY OF CONGRESS CALL NUMBER
Classification number DT471
Item number .F19
100 1# - MAIN ENTRY--PERSONAL NAME
Personal name Falkenstein, Julius August Ferdinand,
Dates associated with a name 1842-
245 00 - TITLE STATEMENT
Title Afrikas westküste.
Statement of responsibility, etc. Vom Ogowe bis zum Damaraland, von Dr. J. Falkenstein. Mit 17 vollbildern und 64 in den text gedruckten abbildungen.
260 ## - PUBLICATION, DISTRIBUTION, ETC.
Place of publication, distribution, etc. Leipzig,
Name of publisher, distributor, etc. G. Freytag; [etc., etc.]
Date of publication, distribution, etc. 1885.
300 ## - PHYSICAL DESCRIPTION
Extent 2 p., l., 241 p.
Other physical details front., illus., map.
Dimensions 20 cm.
490 0# - SERIES STATEMENT
Series statement Das wissen der gegenwart ...
Volume/sequential designation xxix. bd.
500 ## - GENERAL NOTE
General note Der weltteil Afrika ... III.
651 #0 - SUBJECT ADDED ENTRY--GEOGRAPHIC NAME
Geographic name Africa, West
General subdivision Description and travel.
650 #0 - SUBJECT ADDED ENTRY--TOPICAL TERM
Topical term or geographic name entry element Ethnology
Geographic subdivision Africa, West.

No items available.

Powered by Koha